000 00554cam a22002053a 4500
001 40846
003 PGUSA
005 20140828083919.0
008 120923s2012||||xxu|||||s|||||000 | eng d
040 _aPGUSA
_beng
042 _adc
100 1 _aMorley, John,
_d1838-1923
245 1 0 _aVoltaire
_h[electronic resource] /
_cJohn Morley
260 _bProject Gutenberg,
_c2012
506 _aPublic domain in the USA.
516 _aElectronic text
830 0 _aProject Gutenberg
_v40846
856 4 0 _uhttp://www.gutenberg.org/ebooks/40846
942 _cEB
999 _c270098
_d270098